| 000 | 02586nam0a2200349 4500 | ||
|---|---|---|---|
| 001 | RU\NLR\BIBL_A\022663275 | ||
| 005 | 20260126152142.0 | ||
| 010 |
_a978-5-4437-1775-3 _9100 |
||
| 021 |
_aRU _bКН-П-25-058609 _9КН-П-25-5648 |
||
| 035 | _a(NLR Aleph) 022663275 | ||
| 090 |
_a13539358 _c13539358 |
||
| 100 | _a20251111d2025 u y0rusy50 ca | ||
| 101 | 0 | _arus | |
| 102 | _aRU | ||
| 105 | _aa j 000yy | ||
| 181 | 0 |
_ai _baxxe |
|
| 182 | 0 | _an | |
| 200 | 1 |
_aЛиподистрофии в местах инъекции инсулина _eучебное пособие _fВ. В. Климонтов, М. М. Лазарев, Д. М. Булумбаева _gМинистерство науки и высшего образования РФ, Сибирское отделение Российской академии наук, Новосибирский государственный университет, Научно-исследовательский институт клинической и экспериментальной лимфологии – филиал ФГБНУ "Федеральный исследовательский центр Институт цитологии и генетики Сибирского отделения Российской академии наук" |
|
| 203 |
_aТекст _bвизуальный _cнепосредственный |
||
| 210 |
_aНовосибирск _cИздательско-полиграфический центр НГУ _d2025 |
||
| 215 |
_a30 с. _cил., цв. ил., табл. _d21 |
||
| 300 | _aНа 30-й с. авт.: В. В. Климонтов – д-р мед. наук, проф., М. М. Лазарев – канд. мед. наук, врач ультразвуковой диагностики, Д. М. Булумбаева – канд. мед. наук, врач-эндокринолог | ||
| 320 | _aБиблиогр.: с. 26–29 (36 назв.) | ||
| 606 | 1 |
_aЛиподистрофия _xЭтиология и патогенез _xРоль инъекций инсулина при сахарном диабете _jУчебные издания _2nlr_sh2 _3RU\NLR\AUTH\6601765340 |
|
| 686 | 1 | _aР415.160.23-52я77 | |
| 700 | 1 |
_aКлимонтов _bВ. В. _gВадим Валерьевич |
|
| 701 | 1 |
_aЛазарев _bМ. М. _cканд. мед. наук _gМихаил Михайлович _3RU\NLR\AUTH\770289021 |
|
| 701 | 1 |
_aБулумбаева _bД. М. _gДинара Мухтаровна |
|
| 942 | _cBOOK | ||
| 980 | _aNB | ||